| 000 | 00000nam 2200000zi 4500 |
| 001 | 9.876286 |
| 003 | CaOODSP |
| 005 | 20240215090008 |
| 006 | m o d f |
| 007 | cr cn||||||||| |
| 008 | 191210t20192019onca o f000 0 fre d |
| 020 | |a9780660318523 |
| 040 | |aCaOODSP|bfre|erda|cCaOODSP |
| 043 | |an-cn--- |
| 086 | 1 |aH144-65/2019F-PDF |
| 245 | 03|aLa ventilation et la qualité de l'air intérieur. |
| 264 | 1|a[Ottawa] : |bSanté Canada = Health Canada, |c2019. |
| 264 | 4|c©2019 |
| 300 | |a1 ressource en ligne (1 page non numérotée) : |billustrations en couleur |
| 336 | |atexte|btxt|2rdacontent/fre |
| 337 | |ainformatique|bc|2rdamedia/fre |
| 338 | |aressource en ligne|bcr|2rdacarrier/fre |
| 500 | |aLe fichier de publication original en format PDF a été remplacé avec une version accessible le 15-02-2024 à la requête de Santé Canada. |
| 500 | |aPublié aussi en anglais sous le titre : Ventilation and indoor air quality. |
| 650 | 6|aHabitations|xChauffage et ventilation. |
| 650 | 6|aAir intérieur|xQualité. |
| 710 | 1 |aCanada. |bSanté Canada. |
| 775 | 08|tVentilation and indoor air quality.|w(CaOODSP)9.876285 |
| 776 | 0#|tVentilation.|w(CaOODSP)9.876289 |
| 776 | 0#|tLa ventilation et la qualité de l'air intérieur.|w(CaOODSP)9.933536 |
| 856 | 40|qPDF|s2.69 Mo|uhttps://publications.gc.ca/collections/collection_2019/sc-hc/H144-65-2019-fra.pdf |
| 986 | |a190204 |